000
00311nam a2200121Ia 4500
008
191201s1998 xx 000 0 und d
100
_a
SARASWATI, Swami Omananda
245
0
_a
Omananda Yoga Sadhana
260
_a
N. delhi
_b
Brahmkulo Devadhar
_c
1998
300
_a
675
650
_a
General Books
942
_2
ddc
_c
BK
999
_c
6477
_d
6477